Countries who voted against Sea of Azov being Ukraine - Statistics

General Stats
  • This quiz has been taken 104 times
  • The average score is 11 of 19
Answer Stats
Hint Answer % Correct
12 Russia
100%
2 Belarus
91%
11 North Korea
80%
7 Iran
79%
16 Syria
76%
1 Armenia
74%
6 Cuba
67%
18 Venezuela
65%
13 Serbia
64%
17 Uzbekistan
53%
19 Zimbabwe
50%
8 Laos
45%
15 Sudan
44%
3 Bolivia
42%
9 Myanmar
42%
5 Cambodia
39%
10 Nicaragua
38%
14 South Sudan
32%
4 Burundi
24%
No matching quizzes found
Score Distribution
Percent of People with Each Score
Percentile by Number Answered
Your Score History
You have not taken this quiz